La crisi dell'industria chimica italiana: raffronti internazionali
Guardat en:
| Autors principals: | , , , |
|---|---|
| Format: | Llibre |
| Idioma: | italià |
| Publicat: |
Milán
Franco Angeli
1984
|
| Matèries: | |
| Etiquetes: |
Afegir etiqueta
Sense etiquetes, Sigues el primer a etiquetar aquest registre!
|
MARC
| LEADER | 00000nam a2200000 a 4500 | ||
|---|---|---|---|
| 001 | UCU2690 | ||
| 003 | CL-VaPUC | ||
| 008 | 960426e19840000IT |||||||||||||||||ita|d | ||
| 082 | 0 | 4 | |a 338.456 |b CAZ |2 21 |
| 100 | 0 | |a Cazzola, Carlo |e author |9 359069 | |
| 700 | 0 | |a Nahmijas, Alberto |e author |9 359070 | |
| 700 | 0 | |a Perruccu, Antonio |e author |9 359071 | |
| 700 | 0 | |a Sesti, Gianfranco |e author |9 359072 | |
| 245 | 1 | 3 | |a La crisi dell'industria chimica italiana: raffronti internazionali |
| 300 | |a 238 p | ||
| 942 | |c BK | ||
| 945 | |d 19960426 00:00:00 |a paguirre | ||
| 260 | |a Milán |b Franco Angeli |c 1984 | ||
| 650 | 0 | |a Industrias |9 263688 | |
| 650 | 0 | |a Industrialización |9 263687 | |
| 650 | 7 | |a SECTOR INDUSTRIAL |2 CL-VaPUC |9 346302 | |
| 650 | 0 | |a Química |9 259896 | |
| 650 | 0 | |a Economía |9 255568 | |
| 650 | 7 | |a FINANCIAMIENTO |2 CL-VaPUC |9 358995 | |
| 650 | 7 | |a GASTOS |2 CL-VaPUC |9 357995 | |
| 650 | 0 | |a Valor |9 323720 | |
| 650 | 0 | |a Valor económico |9 352307 | |
| 651 | 0 | |a Italia |9 254949 | |
| 583 | |a last modification |c 19960426 00:00:00 |k Rodrigo Vera | ||
| 999 | |c 246924 |d 246922 | ||
| 952 | |0 0 |1 0 |4 0 |6 338_456000000000000_CAZ_1984 |7 0 |8 A |9 262289 |a BIBING |b BIBING |d 2019-11-19 |i 2019310 |o 338.456 CAZ 1984 |p 2019310 |r 2025-01-20 |w 2019-11-19 |y BK |k ING | ||